| 000 | 01387cam a2200337 i 4500 | ||
|---|---|---|---|
| 003 | SA-RiAUC | ||
| 005 | 20250527073707.0 | ||
| 008 | 250524s1984 ua f b 000 0 ara c | ||
| 040 |
_aKW-ShULA _bara _cSA-RiAUC _erda |
||
| 050 | 4 | _bF3764. 1984 | |
| 082 | 0 | 4 |
_a257.1 _qSA-RiAUC |
| 090 |
_a257.1 _b ع ب د ك |
||
| 100 | 1 |
_aعبد الكريم، فتحي أحمد _eمؤلف. |
|
| 245 | 1 | 2 |
_aالدولة والسيادة في الفقه الإسلامي : _bدراسة مقارنة / _cفتحي عبد الكريم. |
| 250 | _aالطبعة الثانية. | ||
| 264 | 1 |
_aالقاهرة : _bمكتبة وهبة، _c1984 |
|
| 300 |
_a440 صفحة ؛ _c24 سم |
||
| 336 |
_aنص _btxt _2rdacontent _3كتاب |
||
| 337 |
_aبدون وسيط _bn _2rdamedia |
||
| 338 |
_aمجلد _bnc _2rdacarrier |
||
| 500 | _aالأصل أطروحة (دكتوراه)-جامعة القاهرة. | ||
| 504 | _aيشتمل على إرجاعات ببليوجرافية. | ||
| 504 | _aببليوجرافية : صفحة 423-435. | ||
| 650 | 7 |
_aالإسلام والدولة _2aucsh |
|
| 650 | 7 |
_aنظم الحكم في الإسلام _2aucsh |
|
| 650 | 7 |
_aالنظام السياسي في الإسلام _2aucsh |
|
| 650 | 7 |
_aالأحكام السلطانية _2aucsh |
|
| 650 | 7 |
_aسيادة الدول _2aucsh |
|
| 942 |
_2ddc _cBOOK _n0 |
||
| 949 |
_aSA-JeALM _d250524 _umohamedma123 _n1 |
||
| 999 |
_c8401 _d8401 |
||